Statistiques concernant Les 9 régions ultrapériphériques de l'Union Européenne

Cliquez ici pour prendre le quiz!

Statistiques générales

  • Ce quiz a été pris 77 fois
  • Le résultat moyen est 8 sur 9

Statistiques - réponses

pays de la région ultrapériphériquerégion ultrapériphérique% Correct
FranceGuadeloupe
99%
FranceGuyane
99%
FranceMartinique
96%
FranceMayotte
93%
FranceLa Reunion
92%
EspagneIles Canaries
85%
PortugalAçores
77%
PortugalMadère
67%
FranceSaint Martin
53%

Distribution des résultats

Percentile par nombre de réponses

% des personnes avec chaque résultat

Votre développement - résultats

Vous n’avez pas pris ce quiz